Detalles MARC
| 000 -LEADER |
| fixed length control field |
02013nam a2200481Ii 4500 |
| 001 - CONTROL NUMBER |
| control field |
DIGCSIC3133 |
| 003 - CONTROL NUMBER IDENTIFIER |
| control field |
NyNyDIG |
| 006 - FIXED-LENGTH DATA ELEMENTS--ADDITIONAL MATERIAL CHARACTERISTICS |
| fixed length control field |
m o d |
| 007 - PHYSICAL DESCRIPTION FIXED FIELD--GENERAL INFORMATION |
| fixed length control field |
cr ||||||||||| |
| 008 - FIXED-LENGTH DATA ELEMENTS--GENERAL INFORMATION |
| fixed length control field |
121201s2008 sp ob f001 0 spa d |
| 020 ## - INTERNATIONAL STANDARD BOOK NUMBER |
| International Standard Book Number |
9788400095062 |
| Qualifying information |
(eBook) |
| 020 ## - INTERNATIONAL STANDARD BOOK NUMBER |
| Canceled/invalid ISBN |
9788400087302 |
| 020 ## - INTERNATIONAL STANDARD BOOK NUMBER |
| Canceled/invalid ISBN |
8400087305 |
| 035 ## - SYSTEM CONTROL NUMBER |
| System control number |
(OCoLC)843455794 |
| 040 ## - CATALOGING SOURCE |
| Original cataloging agency |
DGITA |
| Language of cataloging |
eng |
| Description conventions |
pn |
| Transcribing agency |
DGITA |
| 043 ## - GEOGRAPHIC AREA CODE |
| Geographic area code |
e-po--- |
| -- |
e-sp--- |
| 050 14 - LIBRARY OF CONGRESS CALL NUMBER |
| Classification number |
Z173 eBook |
| 100 1# - MAIN ENTRY--PERSONAL NAME |
| Personal name |
Bouza Alvarez, Fernando J. |
| 245 10 - TITLE STATEMENT |
| Title |
Papeles y opinión : |
| Remainder of title |
políticas de publicación en el Siglo de Oro / |
| Statement of responsibility, etc. |
Fernando Bouza. |
| 246 30 - VARYING FORM OF TITLE |
| Title proper/short title |
Políticas de publicación en el Siglo de Oro. |
| 264 #1 - PRODUCTION, PUBLICATION, DISTRIBUTION, MANUFACTURE, AND COPYRIGHT NOTICE |
| Place of production, publication, distribution, manufacture |
Madrid : |
| Name of producer, publisher, distributor, manufacturer |
Consejo Superior de Investigaciones Científicas, |
| Date of production, publication, distribution, manufacture, or copyright notice |
2008. |
| 300 ## - PHYSICAL DESCRIPTION |
| Extent |
1 online resource (230 pages) |
| 336 ## - CONTENT TYPE |
| Content type term |
text |
| Content type code |
txt |
| Source |
rdacontent |
| 337 ## - MEDIA TYPE |
| Media type term |
computer |
| Media type code |
c |
| Source |
rdamedia |
| 338 ## - CARRIER TYPE |
| Carrier type term |
online resource |
| Carrier type code |
cr |
| Source |
rdacarrier |
| 490 1# - SERIES STATEMENT |
| Series statement |
Monografías ; |
| Volume/sequential designation |
33. |
| 504 ## - BIBLIOGRAPHY, ETC. NOTE |
| Bibliography, etc. note |
Includes bibliographical references (p. 211-219) and index. |
| 650 #0 - SUBJECT ADDED ENTRY--TOPICAL TERM |
| Topical term or geographic name entry element |
Printing |
| General subdivision |
Government policy |
| Geographic subdivision |
Iberian Peninsula |
| General subdivision |
History |
| Chronological subdivision |
16th century. |
| 650 #0 - SUBJECT ADDED ENTRY--TOPICAL TERM |
| Topical term or geographic name entry element |
Politics and literature |
| Geographic subdivision |
Iberian Peninsula |
| General subdivision |
History |
| Chronological subdivision |
16th century. |
| 650 #0 - SUBJECT ADDED ENTRY--TOPICAL TERM |
| Topical term or geographic name entry element |
Book industries and trade |
| Geographic subdivision |
Spain |
| General subdivision |
History |
| Chronological subdivision |
16th century. |
| 650 #0 - SUBJECT ADDED ENTRY--TOPICAL TERM |
| Topical term or geographic name entry element |
Publishers and publishing |
| Geographic subdivision |
Spain |
| General subdivision |
History |
| Chronological subdivision |
16th century. |
| 650 #0 - SUBJECT ADDED ENTRY--TOPICAL TERM |
| Topical term or geographic name entry element |
Politics and literature |
| Geographic subdivision |
Spain |
| General subdivision |
History |
| Chronological subdivision |
16th century. |
| 650 #0 - SUBJECT ADDED ENTRY--TOPICAL TERM |
| Topical term or geographic name entry element |
Book industries and trade |
| General subdivision |
Censorship |
| Geographic subdivision |
Spain |
| Chronological subdivision |
16th century. |
| 650 #0 - SUBJECT ADDED ENTRY--TOPICAL TERM |
| Topical term or geographic name entry element |
Spanish literature |
| Chronological subdivision |
Classical period, 1500-1700 |
| General subdivision |
History and criticism. |
| 650 #0 - SUBJECT ADDED ENTRY--TOPICAL TERM |
| Topical term or geographic name entry element |
Spanish literature |
| General subdivision |
Censorship |
| Chronological subdivision |
16th century. |
| 655 #0 - INDEX TERM--GENRE/FORM |
| Genre/form data or focus term |
Electronic books. |
| 791 2# - |
| -- |
Digitalia (Firm), |
| -- |
distributor. |
| 793 0# - |
| -- |
Digitalia eBook Collection: |
| -- |
Editorial CSIC. |
| 830 #0 - SERIES ADDED ENTRY--UNIFORM TITLE |
| Uniform title |
Monografías (Consejo Superior de Investigaciones Científicas (Spain)) ; |
| Volume/sequential designation |
33. |
| 856 40 - ELECTRONIC LOCATION AND ACCESS |
| Materials specified |
Digitalia Hispánica |
| Uniform Resource Identifier |
<a href="https://www.digitaliapublishing.com/a/18183/">https://www.digitaliapublishing.com/a/18183/</a> |
| 910 ## - USER-OPTION DATA (OCLC) |
| User-option data |
Premium Collection: 2007-2012 |
| 942 ## - ADDED ENTRY ELEMENTS (KOHA) |
| Koha item type |
Recurso Electrónico |